Chulalongkorn journal of economics / (Record no. 5498)
[ view plain ]
| 000 -LEADER | |
|---|---|
| fixed length control field | 00964cas a2200193 4500 |
| 001 - CONTROL NUMBER | |
| control field | 6521 |
| 010 ## - LIBRARY OF CONGRESS CONTROL NUMBER | |
| LC control number | 97946003 |
| 022 ## - INTERNATIONAL STANDARD SERIAL NUMBER | |
| International Standard Serial Number | 0857-8397 |
| ISSN-L | |
| 245 00 - TITLE STATEMENT | |
| Title | Chulalongkorn journal of economics / |
| 260 ## - PUBLICATION, DISTRIBUTION, ETC. | |
| Place of publication, distribution, etc. | Bangkok : |
| Name of publisher, distributor, etc. | Faculty of Economics, Chulalongkorn University |
| Date of publication, distribution, etc. | 2007. |
| 300 ## - PHYSICAL DESCRIPTION | |
| Extent | 321 p.; |
| Other physical details | ill. ; |
| Dimensions | 22 cm. |
| 500 ## - GENERAL NOTE | |
| General note | Library has vol. 19, no. 3. Special issue on Happiness. |
| 505 ## - FORMATTED CONTENTS NOTE | |
| Formatted contents note | Causal analysis in happiness research -- The micro and the macro of happiness: case of East Asia -- Happiness as a new paradigm for development and public policies -- Testing happiness framework based on western and eastern thoughts: a case studey of Bangkok -- Happiness, the sufficiency economy and the middle way. |
| Miscellaneous information | |
| Statement of responsibility | |
| Title | |
| 520 ## - SUMMARY, ETC. | |
| Summary, etc. | With reference to Thai economy. |
| 650 #0 - SUBJECT ADDED ENTRY--TOPICAL TERM | |
| Topical term or geographic name entry element | Economics. |
| 651 #0 - SUBJECT ADDED ENTRY--GEOGRAPHIC NAME | |
| Geographic name | Asia |
| General subdivision | Economic conditions |
| Chronological subdivision | 1945- |
| Form subdivision | Periodicals. |
| Geographic name | Thailand |
| General subdivision | Economic conditions |
| Chronological subdivision | 1986- |
| Form subdivision | Periodicals. |
| Withdrawn status | Lost status | Source of classification or shelving scheme | Damaged status | Not for loan | Collection code | Home library | Current library | Shelving location | Date acquired | Serial Enumeration / chronology | Inventory number | Total Checkouts | Full call number | Barcode | Date last seen | Date last checked out | Price effective from | Koha item type |
|---|---|---|---|---|---|---|---|---|---|---|---|---|---|---|---|---|---|---|
| Dewey Decimal Classification | Main TEST | RTC Library | RTC Library | Main opac | 27/11/2018 | 10255 | 1 | 338.9 CHI | 30011218 | 11/04/2023 | 04/04/2023 | 27/11/2018 | Main |